Spanien-Quiz - Sudden Death - Statistiken

Allgemein
  • Dieses Quiz wurde 195 mal gespielt
  • Das Durchschnittsergebnis liegt bei 5 aus 10
Answers on the Grid
Answers color-coded by a green-red scale on the quiz's grid according to % correct below.
Dies ist die Flagge Spaniens: 🇪🇸
Spanien ist in der Europäischen Union
Das Zahlungsmittel Spaniens ist der Euro
Das KFZ-Kennzeichen Spaniens wird mit "S" abgekürzt
In Spanien leben mehr Männer als Frauen
Elba ist eine Insel im Mittelmeer, die zu Spanien gehört
Spaniens Hauptstadt ist Madrid
Spanien grenzt an ein Land mit dieser Flagge: 🇫🇷
Spanien hat weniger Einwohner als Italien
Spanien ist in 18 offizielle Provinzen eingeteilt
In Spanien wird mit der Krone gezahlt
Das BIP pro Kopf in Spanien ist niedriger als das von Griechenland
Die Sagrada Familia steht in der spanischen Stadt Barcelona
Flächenmäßig ist Spanien kleiner als Frankreich
Spanien ist eine parlamentarische Monarchie
In Spanien herrscht Linksverkehr
In allen südamerikanischen Ländern wird Spanisch als Amtssprache gesprochen
Spanien konnte bisher nur einen ESC-Sieg erzielen
Galizien, eine spanische Region, grenzt im Süden an Portugal
Die Straße von Gibraltar verbindet das europäische Spanien direkt mit Marokko
 
Antwortstatistiken
Antwort % Korrekt
Spaniens Hauptstadt ist Madrid
68%
Das Zahlungsmittel Spaniens ist der Euro
65%
Spanien grenzt an ein Land mit dieser Flagge: 🇫🇷
65%
Spanien ist in der Europäischen Union
64%
Dies ist die Flagge Spaniens: 🇪🇸
63%
Die Sagrada Familia steht in der spanischen Stadt Barcelona
56%
Flächenmäßig ist Spanien kleiner als Frankreich
47%
Spanien ist eine parlamentarische Monarchie
41%
Galizien, eine spanische Region, grenzt im Süden an Portugal
28%
Spanien hat weniger Einwohner als Italien
24%
Keine übereinstimmenden Quizze gefunden
Verteilung der Resultate
Anzahl Personen mit jedem Resultat
Perzentil nach korrekt beantworteten Fragen
Ihre Resultats-Entwicklung
Sie haben dieses Quiz noch nicht gespielt